000
00276nam a2200109Ia 4500
008
230907s9999||||xx |||||||||||||| ||und||
082
_a
658.15
_b
BLA
245
0
_a
Basics of engineering economy /
260
_a
McGraw-Hill,
_b
New Delhi :
_c
2013
300
_a
420 p.
942
_c
BK
999
_c
600232
_d
600232